Practical Pathology for Dental Students (Record no. 32876)

MARC details
000 -LEADER
fixed length control field 00402nam a22001697a 4500
003 - CONTROL NUMBER IDENTIFIER
control field SGT
020 ## - INTERNATIONAL STANDARD BOOK NUMBER
International Standard Book Number 9789366165585
082 ## - DEWEY DECIMAL CLASSIFICATION NUMBER
Classification number 616.07
Item number P25M
100 ## - MAIN ENTRY--PERSONAL NAME
Personal name Mohan, Harsh
245 ## - TITLE STATEMENT
Title Practical Pathology for Dental Students
250 ## - EDITION STATEMENT
Edition statement 3rd Ed.
260 ## - PUBLICATION, DISTRIBUTION, ETC. (IMPRINT)
Place of publication, distribution, etc New Delhi, India
Name of publisher, distributor, etc Jaypee Publishers
Year of Publication 2025
300 ## - PAGE DESCRIPTION
No. of Pages 143
650 ## - SUBJECT ADDED ENTRY--TOPICAL TERM
Topical term or geographic name as entry element Pathology
700 ## - ADDED ENTRY--PERSONAL NAME
Personal name Mojgani. Sugandha
942 ## - ADDED ENTRY ELEMENTS (KOHA)
Source of classification or shelving scheme Dewey Decimal Classification
Koha item type Books
Holdings
Withdrawn status Lost status Source of classification or shelving scheme Damaged status Use restrictions Not for loan Home library Current library Shelving location Date acquired Vendor Name SGTU Bill Number Full call number Accession No. (Barcode) Date last seen Bill Date Koha item type Total Checkouts Date last borrowed
    Dewey Decimal Classification   Restricted Access Not For Loan SGT Dental Library SGT Dental Library Reference Book 24/10/2025 Ahuja Book Co. Pvt. Ltd. SGTU 21713 616.07 P25M FD10038 24/10/2025   Books    
    Dewey Decimal Classification       SGT Dental Library SGT Dental Library Text Book 24/10/2025 Ahuja Book Co. Pvt. Ltd. SGTU 21713 616.07 P25M FD10039 22/04/2026   Books 3 17/04/2026
    Dewey Decimal Classification       SGT Dental Library SGT Dental Library Text Book 24/10/2025 Ahuja Book Co. Pvt. Ltd. SGTU 21713 616.07 P25M FD10040 21/04/2026   Books 1 20/04/2026
    Dewey Decimal Classification       SGT Dental Library SGT Dental Library Text Book 24/10/2025 Ahuja Book Co. Pvt. Ltd. SGTU 21713 616.07 P25M FD10041 24/10/2025   Books    
    Dewey Decimal Classification       SGT Dental Library SGT Dental Library Text Book 24/10/2025 Ahuja Book Co. Pvt. Ltd. SGTU 21713 616.07 P25M FD10042 24/10/2025   Books    
    Dewey Decimal Classification       SGT Dental Library SGT Dental Library Text Book 24/10/2025 Ahuja Book Co. Pvt. Ltd. SGTU 21713 616.07 P25M FD10043 20/04/2026   Books 1 17/04/2026
    Dewey Decimal Classification       SGT Dental Library SGT Dental Library Text Book 24/10/2025 Ahuja Book Co. Pvt. Ltd. SGTU 21713 616.07 P25M FD10044 22/04/2026   Books 3 17/04/2026
    Dewey Decimal Classification       SGT Dental Library SGT Dental Library Text Book 24/10/2025 Ahuja Book Co. Pvt. Ltd. SGTU 21713 616.07 P25M FD10045 11/02/2026   Books 1 11/02/2026
    Dewey Decimal Classification       SGT Dental Library SGT Dental Library Text Book 24/10/2025 Ahuja Book Co. Pvt. Ltd. SGTU 21713 616.07 P25M FD10046 24/10/2025   Books    
    Dewey Decimal Classification       SGT Dental Library SGT Dental Library Text Book 24/10/2025 Ahuja Book Co. Pvt. Ltd. SGTU 21713 616.07 P25M FD10047 12/02/2026   Books 1 11/02/2026